[Event "CRO-chT1A 28th"]
[Site "Mali Losinj"]
[Date "2019.10.03"]
[Round "6.45"]
[White "Sindik, Ervin"]
[Black "Rogic, Davor"]
[Result "1/2-1/2"]
[WhiteElo "2282"]
[BlackElo "2492"]
[PlyCount "57"]
[EventDate "2019.09.28"]
[EventType "team-tourn"]
[EventRounds "9"]
[EventCountry "CRO"]
[SourceTitle "EXT 2020"]
[Source "ChessBase"]
[SourceDate "2019.10.17"]
[SourceVersion "1"]
[SourceVersionDate "2019.10.17"]
[SourceQuality "1"]
[WhiteTeam "Vukovar"]
[BlackTeam "Solin Cemex"]
[WhiteTeamCountry "CRO"]
[BlackTeamCountry "CRO"]

1. e4 e5 2. Nf3 Nc6 3. Bb5 a6 4. Ba4 Nf6 5. 0-0 Be7 6. Re1 b5 7. Bb3 d6 8. c3 0-0 9. h3 Nb8 10. d4 Nbd7 11. c4 c6 12. Nc3 Bb7 13. a3 h6 14. Ba2 Qc7 15. Qc2 a5 16. cxb5 cxb5 17. Qb3 b4 18. axb4 axb4 19. Qxb4 Nxe4 20. Nxe4 Bxe4 21. Rxe4 d5 22. Qxe7 Rxa2 23. Rxa2 dxe4 24. Bxh6 gxh6 25. Nxe5 Qc1+ 26. Kh2 Qf4+ 27. Kg1 Qc1+ 28. Kh2 Qf4+ 29. Kg1 1/2-1/2

[Event "CRO-chT1A 28th"]
[Site "Mali Losinj"]
[Date "2019.10.01"]
[Round "4.55"]
[White "Sindik, Ervin"]
[Black "Filipovic, Marko"]
[Result "1/2-1/2"]
[WhiteElo "2282"]
[BlackElo "2349"]
[PlyCount "53"]
[EventDate "2019.09.28"]
[EventType "team-tourn"]
[EventRounds "9"]
[EventCountry "CRO"]
[SourceTitle "EXT 2020"]
[Source "ChessBase"]
[SourceDate "2019.10.17"]
[SourceVersion "1"]
[SourceVersionDate "2019.10.17"]
[SourceQuality "1"]
[WhiteTeam "Vukovar"]
[BlackTeam "Dakovo Limont"]
[WhiteTeamCountry "CRO"]
[BlackTeamCountry "CRO"]

1. e4 c5 2. Nf3 d6 3. d4 cxd4 4. Nxd4 Nf6 5. Nc3 a6 6. Nb3 Qc7 7. Be3 e5 8. Qd2 Be6 9. f3 Nbd7 10. g4 b5 11. g5 b4 12. Ne2 Nh5 13. Ng3 Nf4 14. 0-0-0 h6 15. h4 hxg5 16. hxg5 Rxh1 17. Nxh1 a5 18. Kb1 a4 19. Nd4 exd4 20. Bxf4 b3 21. cxb3 axb3 22. a3 Rc8 23. Rc1 Qxc1+ 24. Qxc1 Rxc1+ 25. Bxc1 d5 26. Nf2 dxe4 27. fxe4 1/2-1/2

[Event "Krk Golden Island op 4th"]
[Site "Malinska"]
[Date "2016.11.03"]
[Round "8"]
[White "Sindik, Ervin"]
[Black "Starcevic, Ante Leon"]
[Result "1-0"]
[WhiteElo "2344"]
[BlackElo "2124"]
[PlyCount "41"]
[EventDate "2016.10.29"]
[EventType "swiss"]
[EventRounds "9"]
[EventCountry "CRO"]
[SourceTitle "CBM 175 Extra"]
[Source "ChessBase"]
[SourceDate "2016.12.12"]
[SourceVersion "1"]
[SourceVersionDate "2016.12.12"]
[SourceQuality "1"]

1. e4 c5 2. Nf3 Nc6 3. d4 cxd4 4. Nxd4 Qb6 5. Nb3 Nf6 6. Nc3 e6 7. Be3 Qc7 8. f4 Bb4 9. Bd3 d5 10. e5 Nd7 11. 0-0 0-0 12. Nb5 Qb8 13. c3 Be7 14. N5d4 a6 15. Qh5 g6 16. Qh6 Nxd4 17. Nxd4 Nc5 18. Rf3 f5 19. exf6 Rxf6 20. Rh3 Rf7 21. Bxg6 1-0

[Event "CRO-CupT final"]
[Site "Sibenik"]
[Date "2015.05.22"]
[Round "4.3"]
[White "Sindik, Ervin"]
[Black "Krnic, Ivan"]
[Result "1-0"]
[WhiteElo "2325"]
[BlackElo "2195"]
[PlyCount "63"]
[EventDate "2015.05.20"]
[EventType "team-swiss"]
[EventRounds "6"]
[EventCountry "CRO"]
[SourceTitle "CBM 166 Extra"]
[Source "ChessBase"]
[SourceDate "2015.06.18"]
[SourceVersion "1"]
[SourceVersionDate "2015.06.18"]
[SourceQuality "1"]
[WhiteTeam "Zagreb Zagreb"]
[BlackTeam "Split Brda"]
[WhiteTeamCountry "CRO"]
[BlackTeamCountry "CRO"]

1. e4 e5 2. Nf3 Nc6 3. Bb5 a6 4. Ba4 Nf6 5. 0-0 b5 6. Bb3 Bb7 7. d3 Bc5 8. Be3 Qe7 9. c3 0-0 10. Nh4 Rfe8 11. Nf5 Qf8 12. Qf3 Be7 13. Qg3 Kh8 14. Nd2 d6 15. Nf3 Bc8 16. Ng5 Nd8 17. f4 Bxf5 18. exf5 exf4 19. Bxf4 d5 20. Bxc7 Ra7 21. Bf4 Rd7 22. d4 Nc6 23. Rae1 Na5 24. Bc2 Nc4 25. b3 Nd6 26. Rxe7 Qxe7 27. Bxd6 Qe3+ 28. Qxe3 Rxe3 29. Bb4 Re2 30. Bb1 Ng4 31. Nf3 Rb2 32. Re1 1-0

[Event "CRO-CupT final"]
[Site "Sibenik"]
[Date "2015.05.21"]
[Round "3.5"]
[White "Livaic, Leon"]
[Black "Sindik, Ervin"]
[Result "0-1"]
[WhiteElo "2266"]
[BlackElo "2325"]
[PlyCount "106"]
[EventDate "2015.05.20"]
[EventType "team-swiss"]
[EventRounds "6"]
[EventCountry "CRO"]
[SourceTitle "CBM 166 Extra"]
[Source "ChessBase"]
[SourceDate "2015.06.18"]
[SourceVersion "1"]
[SourceVersionDate "2015.06.18"]
[SourceQuality "1"]
[WhiteTeam "Novo Virje Konaki"]
[BlackTeam "Zagreb Zagreb"]
[WhiteTeamCountry "CRO"]
[BlackTeamCountry "CRO"]

1. d4 Nf6 2. c4 e6 3. Nc3 c5 4. d5 exd5 5. cxd5 d6 6. e4 g6 7. Nf3 Bg7 8. Be2 0-0 9. 0-0 Re8 10. Nd2 Nbd7 11. f4 a6 12. a4 Qc7 13. Qc2 Rb8 14. Nc4 b5 15. axb5 axb5 16. Na5 b4 17. Nb5 Qb6 18. Nc4 Qxb5 19. Nxd6 Qb6 20. Nxe8 Nxe8 21. e5 Nc7 22. Bc4 Nb5 23. Be3 Nd4 24. Qf2 b3 25. Bd2 Qb7 26. d6 Nb6 27. Ba6 Qd5 28. Bxc8 Rxc8 29. Bc3 f6 30. Ra7 Rf8 31. Bxd4 cxd4 32. Qf3 Qxf3 33. Rxf3 fxe5 34. fxe5 Bxe5 35. Rb7 Nc4 36. Rxf8+ Kxf8 37. Rxb3 Bxd6 38. Kf2 Ne5 39. h3 Kf7 40. Rb7+ Ke6 41. Ke2 h5 42. b4 Kd5 43. b5 d3+ 44. Kd1 Nc4 45. b6 Bb4 46. Rd7+ Kc6 47. b7 Kxd7 48. b8Q Ne3+ 49. Kc1 d2+ 50. Kb2 d1Q 51. Qb7+ Ke6 52. Qc8+ Qd7 53. Qg8+ Kf5 0-1

[Event "CRO-chT 16th"]
[Site "Sibenik"]
[Date "2007.05.20"]
[Round "4"]
[White "Saric, Ibro"]
[Black "Sindik, Ervin"]
[Result "1-0"]
[WhiteElo "2507"]
[BlackElo "2323"]
[PlyCount "111"]
[EventDate "2007.05.17"]
[EventType "team"]
[EventRounds "5"]
[EventCountry "CRO"]
[SourceTitle "CBM 118 Extra"]
[Source "ChessBase"]
[SourceDate "2007.07.04"]
[SourceVersion "1"]
[SourceVersionDate "2007.07.04"]
[SourceQuality "1"]

1. d4 Nf6 2. Nf3 c5 3. e3 e6 4. c4 d5 5. Nc3 Nc6 6. cxd5 Nxd5 7. Bc4 Be7 8. 0-0 0-0 9. Bxd5 exd5 10. dxc5 Be6 11. Na4 Qc7 12. b3 Rad8 13. h3 Bf6 14. Bb2 Bxb2 15. Nxb2 d4 16. Nxd4 Nxd4 17. exd4 Qf4 18. Qc1 Qxd4 19. Rd1 Qe4 20. Qc3 Rc8 21. Rac1 Rc6 22. Rd6 Rfc8 23. Rxc6 Rxc6 24. Qd3 Qxd3 25. Nxd3 Kf8 26. f4 h5 27. Rc3 Ke7 28. a3 a5 29. b4 axb4 30. Nxb4 Rc8 31. c6 bxc6 32. Rxc6 Rd8 33. Rc1 Kf6 34. Kf2 Rd2+ 35. Kf3 h4 36. Rc5 g6 37. a4 Rd4 38. Rb5 Bd7 39. Rb6+ Kf5 40. a5 Rxf4+ 41. Ke2 Re4+ 42. Kf2 Re5 43. a6 Ra5 44. Rb7 Ke6 45. a7 Bc8 46. Rb8 Rxa7 47. Rxc8 Kf6 48. Rc5 Rb7 49. Nd5+ Kg5 50. Nb6+ f5 51. Nc4 Ra7 52. Ne5 Ra2+ 53. Kg1 Re2 54. Nf3+ Kf4 55. Kh2 g5 56. Rxf5+ 1-0

[Event "Walsall op"]
[Site "Walsall"]
[Date "1997.??.??"]
[Round "8"]
[White "Cooper, Lawrence"]
[Black "Sindik, Ervin"]
[Result "1/2-1/2"]
[WhiteElo "2365"]
[BlackElo "2325"]
[PlyCount "21"]
[EventDate "1997.??.??"]
[EventType "swiss"]
[EventRounds "9"]
[EventCountry "ENG"]
[SourceTitle "EXT 2001"]
[Source "ChessBase"]
[SourceDate "2000.11.22"]
[SourceVersion "1"]
[SourceVersionDate "2000.11.22"]
[SourceQuality "1"]

1. d4 Nf6 2. Bg5 e6 3. e3 c5 4. c3 Be7 5. Nd2 cxd4 6. exd4 b5 7. Ngf3 Bb7 8. Bd3 0-0 9. 0-0 h6 10. Bxf6 Bxf6 11. Ne4 1/2-1/2

[Event "Isle of Man op"]
[Site "Isle of Man"]
[Date "1997.??.??"]
[Round "5"]
[White "Rausis, Igors"]
[Black "Sindik, Ervin"]
[Result "1-0"]
[WhiteElo "2490"]
[BlackElo "2355"]
[PlyCount "95"]
[EventDate "1997.10.??"]
[EventType "swiss"]
[EventRounds "9"]
[EventCountry "IOM"]
[SourceTitle "EXT 1999"]
[Source "ChessBase"]
[SourceDate "1998.11.16"]
[SourceVersion "1"]
[SourceVersionDate "1998.11.16"]
[SourceQuality "1"]

1. e4 c5 2. Nf3 d6 3. Bb5+ Bd7 4. Bxd7+ Qxd7 5. 0-0 Nc6 6. c3 Nf6 7. Re1 e6 8. d4 cxd4 9. cxd4 d5 10. e5 Ne4 11. Nbd2 Nxd2 12. Bxd2 Be7 13. Rc1 0-0 14. Rc3 Rfc8 15. a3 Rc7 16. Rd3 Rac8 17. h4 Qd8 18. Ng5 h6 19. Nh3 Kh8 20. Nf4 Bf8 21. Qg4 Ne7 22. Bb4 Rc1 23. Rxc1 Rxc1+ 24. Kh2 Rc2 25. Rf3 Rxb2 26. Nd3 Rxb4 27. axb4 Nf5 28. h5 Qb6 29. Qf4 Nxd4 30. Qxf7 Nxf3+ 31. gxf3 Qd8 32. Qxe6 d4 33. Qf7 Qe7 34. Qf4 Qd8 35. Qe4 b6 36. b5 Qe8 37. Nf4 Bc5 38. Ng6+ Kg8 39. Qd5+ Kh7 40. Qe4 Kg8 41. Qd5+ Kh7 42. f4 Qc8 43. e6 Qe8 44. Kg2 Be7 45. Nxe7 Qxe7 46. Qd7 Qf8 47. e7 Qa8+ 48. f3 1-0

[Event "Walsall op"]
[Site "Walsall"]
[Date "1997.??.??"]
[Round "3"]
[White "Sindik, Ervin"]
[Black "Kelly, Brian"]
[Result "1/2-1/2"]
[WhiteElo "2325"]
[BlackElo "2400"]
[PlyCount "58"]
[EventDate "1997.??.??"]
[EventType "swiss"]
[EventRounds "9"]
[EventCountry "ENG"]
[SourceTitle "EXT 1998"]
[Source "ChessBase"]
[SourceDate "1997.11.17"]
[SourceVersion "1"]
[SourceVersionDate "1997.11.17"]
[SourceQuality "1"]

1. e4 c5 2. Nf3 e6 3. d4 cxd4 4. Nxd4 Nf6 5. Nc3 d6 6. Be3 a6 7. Qd2 b5 8. f3 Nbd7 9. g4 h6 10. 0-0-0 Bb7 11. a3 Ne5 12. h4 Nfd7 13. Rg1 Nb6 14. g5 hxg5 15. hxg5 g6 16. f4 Nec4 17. Qf2 Qc7 18. f5 gxf5 19. exf5 e5 20. Nb3 Nxe3 21. Qxe3 0-0-0 22. Na5 Ba8 23. Bxb5 axb5 24. Nxb5 Qc5 25. Na7+ Kc7 26. Qxc5+ dxc5 27. Nb5+ Kc8 28. Na7+ Kc7 29. Nb5+ Kc8 1/2-1/2

[Event "Isle of Man op"]
[Site "Isle of Man"]
[Date "1997.??.??"]
[Round "8"]
[White "Sindik, Ervin"]
[Black "Maggs, Steven"]
[Result "1-0"]
[WhiteElo "2355"]
[BlackElo "2085"]
[PlyCount "75"]
[EventDate "1997.10.??"]
[EventType "swiss"]
[EventRounds "9"]
[EventCountry "IOM"]
[SourceTitle "EXT 1999"]
[Source "ChessBase"]
[SourceDate "1998.11.16"]
[SourceVersion "1"]
[SourceVersionDate "1998.11.16"]
[SourceQuality "1"]

1. e4 g6 2. d4 Bg7 3. Nc3 d6 4. f4 Nd7 5. Be3 e5 6. dxe5 dxe5 7. f5 Ngf6 8. g4 h6 9. g5 hxg5 10. Bxg5 c6 11. Qf3 Qe7 12. 0-0-0 Nc5 13. Nge2 a5 14. Ng3 b6 15. h4 Bd7 16. h5 Bh6 17. Bxh6 Rxh6 18. hxg6 Rxh1 19. Qxh1 fxg6 20. fxg6 0-0-0 21. Nf5 Bxf5 22. Rxd8+ Kxd8 23. exf5 Kc7 24. Bc4 Qg7 25. b3 e4 26. Qh2+ Kb7 27. Qe5 Ncd7 28. Qd4 Qe7 29. Qe3 b5 30. Bf7 b4 31. Ne2 c5 32. Be6 Nf8 33. Bc4 N8d7 34. Qg5 Qe5 35. g7 Qa1+ 36. Kd2 Ne5 37. g8Q Nf3+ 38. Ke3 1-0

[Event "Isle of Man op"]
[Site "Isle of Man"]
[Date "1997.??.??"]
[Round "2"]
[White "Sindik, Ervin"]
[Black "Spanton, Timothy"]
[Result "1-0"]
[WhiteElo "2355"]
[BlackElo "2065"]
[PlyCount "23"]
[EventDate "1997.10.??"]
[EventType "swiss"]
[EventRounds "9"]
[EventCountry "IOM"]
[SourceTitle "EXT 1999"]
[Source "ChessBase"]
[SourceDate "1998.11.16"]
[SourceVersion "1"]
[SourceVersionDate "1998.11.16"]
[SourceQuality "1"]

1. e4 e5 2. f4 Bc5 3. Nf3 d5 4. Nxe5 Nf6 5. d4 Bb6 6. exd5 0-0 7. c4 c5 8. Bd3 Re8 9. 0-0 Nbd7 10. b4 Nxe5 11. fxe5 Bg4 12. Qc2 1-0

[Event "CRO-chT"]
[Site "Tucepi"]
[Date "1996.??.??"]
[Round "?"]
[White "Kovacevic, Blazimir"]
[Black "Sindik, Ervin"]
[Result "1/2-1/2"]
[WhiteElo "2300"]
[BlackElo "2325"]
[PlyCount "31"]
[EventDate "1996.??.??"]
[EventType "team"]
[EventRounds "9"]
[EventCountry "CRO"]
[SourceTitle "EXT 1998"]
[Source "ChessBase"]
[SourceDate "1997.11.17"]
[SourceVersion "1"]
[SourceVersionDate "1997.11.17"]
[SourceQuality "1"]

1. d4 Nf6 2. Nf3 e6 3. c4 Bb4+ 4. Nbd2 d5 5. Qa4+ Nc6 6. a3 Bxd2+ 7. Bxd2 Ne4 8. Rd1 0-0 9. e3 Ne7 10. Bd3 Ng6 11. 0-0 b6 12. b4 Bb7 13. Qc2 f5 14. Ne5 Nxe5 15. dxe5 Rf7 16. f3 1/2-1/2

[Event "CRO-chT"]
[Site "Tucepi"]
[Date "1996.??.??"]
[Round "?"]
[White "Sindik, Ervin"]
[Black "Zelenika, Srdjan"]
[Result "1/2-1/2"]
[WhiteElo "2325"]
[BlackElo "2300"]
[PlyCount "80"]
[EventDate "1996.??.??"]
[EventType "team"]
[EventRounds "9"]
[EventCountry "CRO"]
[SourceTitle "EXT 1998"]
[Source "ChessBase"]
[SourceDate "1997.11.17"]
[SourceVersion "1"]
[SourceVersionDate "1997.11.17"]
[SourceQuality "1"]

1. e4 c5 2. Nf3 Nc6 3. d4 cxd4 4. Nxd4 Nf6 5. Nc3 e5 6. Ndb5 d6 7. Bg5 a6 8. Na3 b5 9. Nd5 Be7 10. Bxf6 Bxf6 11. c3 Ne7 12. Nxf6+ gxf6 13. Nc2 Bb7 14. Bd3 f5 15. exf5 d5 16. Qh5 Qb6 17. 0-0 Rg8 18. Rfe1 Qf6 19. Ne3 e4 20. Bf1 Rg5 21. Qd1 Rd8 22. a4 b4 23. Qd4 Qxd4 24. cxd4 Nxf5 25. Nxf5 Rxf5 26. Rec1 Rf6 27. a5 Rc8 28. Rxc8+ Bxc8 29. Rc1 Kd8 30. Be2 Rh6 31. h3 f5 32. Rc5 Bb7 33. f4 Rh4 34. Kh2 Kd7 35. g3 Rh6 36. Kg2 Rf6 37. Kf2 Rh6 38. Kg2 Rf6 39. Kf2 Rh6 40. Kg2 Rf6 1/2-1/2

[Event "CRO-chT"]
[Site "Makarska"]
[Date "1994.??.??"]
[Round "2"]
[White "Sindik, Ervin"]
[Black "Dizdar, Goran"]
[Result "1/2-1/2"]
[WhiteElo "2340"]
[BlackElo "2500"]
[PlyCount "58"]
[EventDate "1994.??.??"]
[EventType "team"]
[EventRounds "9"]
[EventCountry "CRO"]
[SourceTitle "EXT 1997"]
[Source "ChessBase"]
[SourceDate "1996.11.15"]
[SourceVersion "1"]
[SourceVersionDate "1996.11.15"]
[SourceQuality "1"]

1. e4 e6 2. d4 d5 3. Nc3 Nf6 4. e5 Nfd7 5. f4 c5 6. Nf3 Nc6 7. Be3 a6 8. Qd2 cxd4 9. Nxd4 Bc5 10. 0-0-0 0-0 11. h4 Nxd4 12. Bxd4 b5 13. Rh3 Bb7 14. Kb1 Bxd4 15. Qxd4 f6 16. Bd3 fxe5 17. fxe5 Qb6 18. Qg4 Nxe5 19. Bxh7+ Kxh7 20. Qh5+ Kg8 21. Qxe5 Rf5 22. Qe3 d4 23. Rxd4 Bxg2 24. Rg3 Rf1+ 25. Nd1 Rd8 26. Rxg7+ Kf8 27. Rg8+ Kf7 28. Rg7+ Kf8 29. Rg8+ Kf7 1/2-1/2

[Event "CRO-chT"]
[Site "Pula"]
[Date "1993.??.??"]
[Round "5"]
[White "Hulak, Krunoslav"]
[Black "Sindik, Ervin"]
[Result "1/2-1/2"]
[WhiteElo "2540"]
[BlackElo "2325"]
[PlyCount "102"]
[EventDate "1993.??.??"]
[EventType "team"]
[EventRounds "9"]
[EventCountry "CRO"]
[SourceTitle "EXT 1998"]
[Source "ChessBase"]
[SourceDate "1997.11.17"]
[SourceVersion "1"]
[SourceVersionDate "1997.11.17"]
[SourceQuality "1"]

1. d4 Nf6 2. c4 g6 3. g3 Bg7 4. Bg2 0-0 5. Nf3 d6 6. 0-0 Nbd7 7. Nc3 e5 8. e4 c6 9. h3 Qb6 10. c5 dxc5 11. dxe5 Ne8 12. e6 fxe6 13. Ng5 Ne5 14. f4 Nf7 15. Nxf7 Bd4+ 16. Kh2 Rxf7 17. e5 Nc7 18. Ne4 Nd5 19. h4 Qd8 20. h5 b6 21. Bh3 a5 22. Ng5 Re7 23. hxg6 hxg6 24. Rh1 Raa7 25. Kg2 Bxb2 26. Qc2 Bxa1 27. Qxg6+ Rg7 28. Bxe6+ Bxe6 29. Qxe6+ Raf7 30. Qxf7+ Rxf7 31. Rh8+ Kxh8 32. Nxf7+ Kg7 33. Nxd8 Nb4 34. a3 Nd3 35. Be3 a4 36. Kf3 Bb2 37. Ke4 c4 38. Bxb6 Bxa3 39. Nxc6 Bb2 40. Nd4 a3 41. Nc2 a2 42. Bd4 Nb4 43. Bxb2 Nxc2 44. e6+ Kf8 45. f5 a1Q 46. Bxa1 Nxa1 47. f6 Nb3 48. e7+ Kf7 49. g4 Nc5+ 50. Ke3 Ne6 51. Kd2 Ng5 1/2-1/2

[Event "CRO-chT"]
[Site "Pula"]
[Date "1993.??.??"]
[Round "1"]
[White "Ljubicic, Filip"]
[Black "Sindik, Ervin"]
[Result "0-1"]
[WhiteElo "2335"]
[BlackElo "2325"]
[PlyCount "100"]
[EventDate "1993.??.??"]
[EventType "team"]
[EventRounds "9"]
[EventCountry "CRO"]
[SourceTitle "EXT 1999"]
[Source "ChessBase"]
[SourceDate "1998.11.16"]
[SourceVersion "1"]
[SourceVersionDate "1998.11.16"]
[SourceQuality "1"]

1. e4 c5 2. Nf3 d6 3. d4 cxd4 4. Nxd4 Nf6 5. Nc3 a6 6. f4 Qc7 7. Be2 e6 8. 0-0 Be7 9. Be3 0-0 10. a4 Nc6 11. Qe1 Bd7 12. Qg3 Nxd4 13. Bxd4 Bc6 14. a5 g6 15. f5 e5 16. Bb6 Qc8 17. Qe3 Kh8 18. Rad1 gxf5 19. exf5 Rg8 20. g3 Rg7 21. Bf3 Bxf3 22. Qxf3 Qc6 23. Qxc6 bxc6 24. Bc7 Ne8 25. f6 Nxc7 26. fxg7+ Kxg7 27. Na4 d5 28. Nb6 Rd8 29. c3 Ne6 30. Kg2 Kg6 31. Rfe1 f6 32. Re2 h5 33. Rf1 Bc5 34. Na4 Ba7 35. Rd1 Rb8 36. Rf1 e4 37. Rc2 f5 38. Rb1 f4 39. gxf4 Nxf4+ 40. Kg3 Kf5 41. h3 Rg8+ 42. Kh2 e3 43. Nb6 Ke4 44. Nd7 Rg7 45. Nb6 e2 46. b4 Kf3 47. Rd2 Kf2 48. c4 Rg2+ 49. Kh1 Rg3 50. Rxe2+ Nxe2 0-1

[Event "CRO-chT"]
[Site "Pula"]
[Date "1993.??.??"]
[Round "2"]
[White "Sindik, Ervin"]
[Black "Dizdar, Goran"]
[Result "0-1"]
[WhiteElo "2325"]
[BlackElo "2490"]
[PlyCount "60"]
[EventDate "1993.??.??"]
[EventType "team"]
[EventRounds "9"]
[EventCountry "CRO"]
[SourceTitle "EXT 1999"]
[Source "ChessBase"]
[SourceDate "1998.11.16"]
[SourceVersion "1"]
[SourceVersionDate "1998.11.16"]
[SourceQuality "1"]

1. e4 e6 2. d4 d5 3. Nc3 Nf6 4. Bg5 dxe4 5. Nxe4 Be7 6. Bxf6 Bxf6 7. Nf3 0-0 8. Qd2 Be7 9. 0-0-0 b6 10. Bd3 Bb7 11. Kb1 Nd7 12. Qf4 Qb8 13. Qg3 c5 14. dxc5 Nxc5 15. Nxc5 Bxc5 16. Ne5 Rd8 17. Rhe1 Qc7 18. f4 Rac8 19. Qh3 g6 20. Ng4 Bd4 21. Re5 h5 22. Nf6+ Kg7 23. Nxh5+ gxh5 24. Rg5+ Kf8 25. Qxh5 Bf6 26. Qh7 Qxf4 27. Rg3 Be4 28. Qh5 Bxd3 29. cxd3 Qf2 30. d4 Qc2+ 0-1

[Event "CRO-chT"]
[Site "Pula"]
[Date "1993.??.??"]
[Round "8"]
[White "Sindik, Ervin"]
[Black "Loncar, Robert"]
[Result "1-0"]
[WhiteElo "2325"]
[BlackElo "2455"]
[PlyCount "71"]
[EventDate "1993.??.??"]
[EventType "team"]
[EventRounds "9"]
[EventCountry "CRO"]
[SourceTitle "EXT 1999"]
[Source "ChessBase"]
[SourceDate "1998.11.16"]
[SourceVersion "1"]
[SourceVersionDate "1998.11.16"]
[SourceQuality "1"]

1. e4 c5 2. Nf3 d6 3. d4 cxd4 4. Nxd4 Nf6 5. Nc3 Nc6 6. Bg5 e6 7. Qd2 a6 8. 0-0-0 h6 9. Be3 Be7 10. f3 Rb8 11. g4 Ne5 12. h4 Qc7 13. Be2 b5 14. g5 b4 15. Ncb5 axb5 16. gxf6 Bxf6 17. Nxb5 Qa5 18. Nxd6+ Kf8 19. Nc4 Qxa2 20. Qd6+ Kg8 21. Nxe5 Ra8 22. Bd4 Ba6 23. Bxa6 Rxa6 24. Qxb4 Ra4 25. Qc3 Kh7 26. b3 Rxd4 27. Qxd4 Rc8 28. Qb2 Qxb2+ 29. Kxb2 Bxe5+ 30. Kc1 Bc3 31. Rd3 Ra8 32. Rxc3 Ra1+ 33. Kb2 Rxh1 34. b4 Rxh4 35. b5 Rh5 36. b6 1-0

[Event "CRO-chT"]
[Site "Pula"]
[Date "1993.??.??"]
[Round "6"]
[White "Sindik, Ervin"]
[Black "Rogulj, Branko"]
[Result "1/2-1/2"]
[WhiteElo "2325"]
[BlackElo "2415"]
[PlyCount "21"]
[EventDate "1993.??.??"]
[EventType "team"]
[EventRounds "9"]
[EventCountry "CRO"]
[SourceTitle "EXT 1999"]
[Source "ChessBase"]
[SourceDate "1998.11.16"]
[SourceVersion "1"]
[SourceVersionDate "1998.11.16"]
[SourceQuality "1"]

1. e4 Nc6 2. Nf3 e5 3. Bb5 Bc5 4. 0-0 Nge7 5. Nxe5 Nxe5 6. d4 c6 7. Be2 Bd6 8. dxe5 Bxe5 9. Nc3 d6 10. Be3 0-0 11. Qd2 1/2-1/2

[Event "CAN-CRO m"]
[Site "Toronto"]
[Date "1991.10.31"]
[Round "2"]
[White "Sindik, Ervin"]
[Black "Nickoloff, Bryon"]
[Result "1/2-1/2"]
[WhiteElo "2330"]
[BlackElo "2335"]
[PlyCount "74"]
[EventDate "1991.10.29"]
[EventType "team-match"]
[EventRounds "2"]
[EventCountry "CAN"]
[SourceTitle "EXT 2022"]
[Source "ChessBase"]
[SourceDate "2021.10.06"]
[SourceVersion "1"]
[SourceVersionDate "2021.10.06"]
[SourceQuality "1"]
[WhiteTeam "Croatia"]
[BlackTeam "Canada"]
[WhiteTeamCountry "CRO"]
[BlackTeamCountry "CAN"]

1. e4 e5 2. Nf3 Nc6 3. Bb5 a6 4. Ba4 Nf6 5. 0-0 b5 6. Bb3 Bb7 7. c3 Nxe4 8. Re1 Nc5 9. Nxe5 Nxe5 10. Rxe5+ Be7 11. Bc2 0-0 12. d4 Ne6 13. d5 Nc5 14. Qh5 g6 15. Qh6 f5 16. b4 Na4 17. d6 cxd6 18. Bb3+ d5 19. Bf4 Bf6 20. Nd2 Nxc3 21. Rae1 Rf7 22. Nf3 d6 23. Re8+ Qxe8 24. Rxe8+ Rxe8 25. Bxd6 Ne2+ 26. Kf1 Bc3 27. Ng5 Nf4 28. f3 Nd3 29. g3 Rd7 30. Bc5 a5 31. Nxh7 Re1+ 32. Kg2 Rg7 33. Ng5 a4 34. Bf8 Re2+ 35. Kf1 Re1+ 36. Kg2 Re2+ 37. Kf1 Re1+ 1/2-1/2

[Event "Tel Aviv-B"]
[Site "Tel Aviv"]
[Date "1991.??.??"]
[Round "11"]
[White "Liss, Eran"]
[Black "Sindik, Ervin"]
[Result "1/2-1/2"]
[WhiteElo "2325"]
[BlackElo "2365"]
[PlyCount "27"]
[EventDate "1991.07.??"]
[EventType "tourn"]
[EventRounds "11"]
[EventCountry "ISR"]
[EventCategory "5"]
[SourceTitle "CBM 027 Extra"]
[Source "ChessBase"]
[SourceDate "1992.05.01"]
[SourceVersion "1"]
[SourceVersionDate "1992.05.01"]
[SourceQuality "1"]

1. e4 c5 2. Nf3 d6 3. d4 cxd4 4. Nxd4 Nf6 5. Nc3 a6 6. Bg5 e6 7. f4 Qb6 8. Nb3 Nbd7 9. Qf3 Be7 10. 0-0-0 Qc7 11. Bd3 b5 12. Bxf6 gxf6 13. Qh5 Nc5 14. Nd4 1/2-1/2

[Event "Tel Aviv-B"]
[Site "Tel Aviv"]
[Date "1991.??.??"]
[Round "1"]
[White "Sindik, Ervin"]
[Black "Andrianov, Nikolai Ivanovich"]
[Result "0-1"]
[WhiteElo "2365"]
[BlackElo "2445"]
[PlyCount "92"]
[EventDate "1991.07.??"]
[EventType "tourn"]
[EventRounds "11"]
[EventCountry "ISR"]
[EventCategory "5"]
[SourceTitle "CBM 027 Extra"]
[Source "ChessBase"]
[SourceDate "1992.05.01"]
[SourceVersion "1"]
[SourceVersionDate "1992.05.01"]
[SourceQuality "1"]

1. e4 c5 2. Nf3 Nc6 3. d4 cxd4 4. Nxd4 Nf6 5. Nc3 e5 6. Ndb5 d6 7. Nd5 Nxd5 8. exd5 Nb8 9. c4 a6 10. Nc3 Be7 11. Be2 0-0 12. 0-0 f5 13. f4 Nd7 14. Kh1 Bf6 15. Be3 exf4 16. Bxf4 Ne5 17. Qd2 Bd7 18. Rae1 Rc8 19. b3 b5 20. cxb5 Ng6 21. Nd1 Nxf4 22. Qxf4 Be5 23. Qb4 axb5 24. Bd3 Qg5 25. Kg1 Rf6 26. Re2 Rh6 27. g4 Qh4 28. Rff2 Bxh2+ 29. Rxh2 Qg3+ 30. Reg2 Qxd3 31. Rd2 Qg3+ 32. Rdg2 Qf3 33. Rxh6 Qxd1+ 34. Kh2 Rc1 35. Rxd6 fxg4 36. Rxd7 Qh1+ 37. Kg3 Qh3+ 38. Kf4 Qf3+ 39. Ke5 Qf6+ 40. Ke4 Qf3+ 41. Ke5 Qf6+ 42. Ke4 Rf1 43. Rxg4 Qf5+ 44. Ke3 Qf3+ 45. Kd2 Rd1+ 46. Kc2 Qd3+ 0-1

[Event "Tel Aviv-B"]
[Site "Tel Aviv"]
[Date "1991.??.??"]
[Round "5"]
[White "Sindik, Ervin"]
[Black "Har Zvi, Ronen"]
[Result "0-1"]
[WhiteElo "2365"]
[BlackElo "2240"]
[PlyCount "60"]
[EventDate "1991.07.??"]
[EventType "tourn"]
[EventRounds "11"]
[EventCountry "ISR"]
[EventCategory "5"]
[SourceTitle "CBM 027 Extra"]
[Source "ChessBase"]
[SourceDate "1992.05.01"]
[SourceVersion "1"]
[SourceVersionDate "1992.05.01"]
[SourceQuality "1"]

1. e4 c5 2. Nf3 d6 3. d4 cxd4 4. Nxd4 Nf6 5. Nc3 a6 6. Be3 e6 7. f4 b5 8. Qf3 Bb7 9. Bd3 h5 10. a3 Nbd7 11. 0-0-0 Be7 12. Rhe1 Rc8 13. Bd2 Nb6 14. Qh3 Ng4 15. Re2 Nc4 16. Be1 Qb6 17. Bxc4 Rxc4 18. Nb3 a5 19. Qg3 b4 20. axb4 axb4 21. Na2 Bxe4 22. h3 Bxc2 23. Rxc2 Rxc2+ 24. Kb1 Bf6 25. Kxc2 Ne3+ 26. Kb1 Nxd1 27. Qf3 Nxb2 28. Qa8+ Ke7 29. Qxh8 Qe3 30. Qa8 Qd3+ 0-1